| 000 | 004920000a22001930004500 | ||
|---|---|---|---|
| 001 | 004313 | ||
| 003 | MACL | ||
| 005 | 20150728133646.0 | ||
| 008 | 150728b xxu||||| |||| 00| 0 eng d | ||
| 040 |
_aMACL _cMACL |
||
| 041 | _aEnglish | ||
| 082 | _a333.7/SEN | ||
| 100 |
_aSengupta, Syamalkanti _92838 |
||
| 245 |
_aPerception Of Folk Environment _cSyamalkanti Sengupta |
||
| 260 |
_aKolkata _c2003 _bClassique Books, |
||
| 350 | _a300 | ||
| 650 |
_aEconomics _92839 |
||
| 942 |
_k334 _cBK _2ddc |
||
| 999 |
_c16204 _d16204 |
||